00821nam a22002175i 4500001000700000003000900007005001700016008004100033080001300074245012600087260006000213300003000273490005100303504003200354546004000386611004300426700002000469700002600489830005100515852003700566176503ES-MaACL20230906220113.0110119s1962 sp a |||| | cat d a27.732.304aEls seglars davant del concili. nI, pEls seglars / cUseros, Tibau, Pinyol ; II, Les seglars / Paniker, Wirsing, Renau. aSarrià (Barcelona) : bEditorial Franciscana, c1962. a153 p. : bil. ; c18 cm.1 aCritèrion. Col·lecció Ideològica ; v16 aBibliografía: p. 152-153. aTexto en castellano y en catalán.24aConcilio Vaticano (n2º. d1962-1965)1 aUseros, Manuel.1 aPaniker, Carme A. de.1 aCritèrion. Col·lecció Ideològica ; v164 aES-MaACLjE-14105 xOlim P-735